01281 2200205 4500001002100000005001500021008004100036020001800077035001900095041000800114082001000122084001600132100001700148245004400165260005200209300002400261520066400285650006000949650006601009INLIS00000000000384420200508202454200508||||||||| | ||| |||| ||eng|| a9789041126566 0010-0520003844 aeng0 a343.4 a343.4/BAR/D0 aRene Barents00aDirectory of EC Case Law on Competition aThe NetherlandsbKluwer Law Internationalc2007 axxxv, 787 p.c24 cm aPractitioners in the field of EC competition law know well how difficult it is to find specific references about specific subjects in the case law. Among its enormous practical advantages are the following: under about 600 headings, it presents virtually every point from which a researcher in the field is likely to start; the extracts are drawn from all the EC competition case law - encompassing every judgment, every order - of the Court of Justice of the European Communities (ECJ) and the Court of First Instance (CFI) since 1961; because all pronouncements on the same subject are gathered together, inconsistencies among cases are immediately apparent 0aAntitrust law - European Union countries - Directories. 0aCompetition, Unfair - European Union countries - Directories.